| Tag |
First Indicator |
Second Indicator |
Subfields |
| LEADER |
00000cam a2200000 4500 |
| 001 |
in00000040131 |
| 005 |
20151007070534.0 |
| 008 |
760820s1955 njua b 00000 eng |
| 010 |
|
|
|a 55009901
|
| 035 |
|
|
|a (OCoLC)02386803
|
| 035 |
|
|
|9 AAE4214AM
|
| 040 |
|
|
|a DLC
|c CSU
|d TXA
|d UtOrBLW
|
| 049 |
|
|
|a TXAM
|c [261488]
|
| 050 |
0 |
0 |
|a QD181.S6
|b H3
|
| 082 |
0 |
|
|a 546.28
|
| 092 |
|
|
|a 546.28
|b H376s
|
| 100 |
1 |
|
|a Hauser, Ernst A.
|q (Ernst Alfred),
|d 1896-
|
| 245 |
1 |
0 |
|a Silicic science ;
|b a review of the colloid scientific properties and phenomena exhibited by matter composed essentially of the element silicon.
|
| 264 |
|
1 |
|a Princeton, N. J. :
|b Van Nostrand,
|c [1955]
|
| 300 |
|
|
|a 188 pages :
|b illustrations ;
|c 24 cm.
|
| 336 |
|
|
|a text
|b txt
|2 rdacontent
|
| 337 |
|
|
|a unmediated
|b n
|2 rdamedia
|
| 338 |
|
|
|a volume
|b nc
|2 rdacarrier
|
| 504 |
|
|
|a Includes bibliography.
|
| 650 |
|
0 |
|a Silicon.
|
| 650 |
|
0 |
|a Colloids.
|
| 999 |
|
|
|a MARS
|
| 999 |
f |
f |
|s 5ca92209-5cc5-3831-8478-b1f91d9e6725
|i ec5130af-26ed-35d3-a479-03b48bc6c8a5
|t 0
|
| 952 |
f |
f |
|p ric
|a Texas A&M University
|b Rellis Campus
|c Joint Library Facility
|d Remote Storage
|t 0
|e QD181.S6 H3
|h Library of Congress classification
|i unmediated -- volume
|m A14800941910
|
| 998 |
f |
f |
|a QD181.S6 H3
|t 0
|l Remote Storage
|